Centro Cultural para el cantón de La Unión
Guardado en:
| Hovedforfatter: | |
|---|---|
| Format: | Ukendt |
| Sprog: | Spanish |
| Udgivet: |
[San José,Costa Rica]
2011
|
| Fag: | |
| Tags: |
Tilføj Tag
Ingen Tags, Vær først til at tagge denne postø!
|
MARC
| LEADER | 00000 a2200000 4500 | ||
|---|---|---|---|
| 003 | EA0016 | ||
| 005 | 20230208154001.0 | ||
| 008 | 140114s2011 cr a 000 ||spa d | ||
| 040 | |c cru CEDI | ||
| 090 | |a TFG EA-016 | ||
| 100 | |a Sánchez Rojas, Róger Alberto |9 19936 | ||
| 245 | |a Centro Cultural para el cantón de La Unión | ||
| 260 | |c 2011 |a [San José,Costa Rica] | ||
| 500 | |a Proyecto de graduación (licenciatura en arquitectura)--Universidad de Costa Rica. Facultad de Ingeniería. Escuela de Arquitectura | ||
| 501 | |||
| 650 | |x CENTROS DE DESARROLLO CULTURAL |x LA UNION (CARTAGO, COSTA RICA) |x ARQUITECTURA |9 19937 | ||
| 942 | |c CEDI | ||
| 999 | |c 12836 |d 12836 | ||
